| 000 | 00487cam a22001577a 4500 | ||
|---|---|---|---|
| 008 | 180718b1960 xxu||||| |||| 00| 0 eng d | ||
| 082 | _aI5511 B621 | ||
| 100 | _aBlommers,Paul | ||
| 245 |
_aElementary statistical methods in psychplogy and education _cBy Paul Blommers and E.F. Lindquist |
||
| 260 |
_aCalcutta _bOxford _c1960 |
||
| 300 | _axv, 528p | ||
| 650 | _aResearch methods | ||
| 650 | _aPsychology and Education research | ||
| 650 | _aSocial science | ||
| 700 | _aLindquist,E.F. | ||
| 999 |
_c409364 _d409364 |
||